000 00332nam a22001457a 4500
008 210609b ||||| |||| 00| 0 eng d
020 _a0442255454
041 _aeng
080 _24th
_a541
082 _a541
100 _a12
101 _aKIM
245 _aChemistry a Conceptual Approach
_cCharles E. Mortimer
942 _2udc
_cBK
999 _c58114
_d58114